000
00295nam a2200109Ia 4500
008
240624s9999 xx 000 0 und d
041
_a
eng
082
_a
658.4038011 LAU
100
_a
LAUDON KENNETH C
245
_a
MANAGEMENT INFORMATION SYSTEMS
260
_c
2008
_a
New Delhi
_b
Pearson Prentice Hall
999
_c
13265
_d
13265